Popov and the beginnings of radiotelegraphy
Gorde:
| Egile nagusia: | |
|---|---|
| Formatua: | Liburua |
| Hizkuntza: | Undetermined |
| Argitaratua: |
San Francisco, CA.
San Francisco Press
1962
|
| Gaiak: | |
| Etiketak: |
Etiketa erantsi
Etiketarik gabe, Izan zaitez lehena erregistro honi etiketa jartzen!
|
| Thư viện lưu trữ: | Trung tâm Học liệu Trường Đại học Cần Thơ |
|---|
| LEADER | 00506nam a2200181Ia 4500 | ||
|---|---|---|---|
| 001 | CTU_107094 | ||
| 008 | 210402s9999 xx 000 0 und d | ||
| 082 | |a 621.384 | ||
| 082 | |b S964 | ||
| 100 | |a Susskind, Charles | ||
| 245 | 0 | |a Popov and the beginnings of radiotelegraphy | |
| 245 | 0 | |c Charles Susskind | |
| 260 | |a San Francisco, CA. | ||
| 260 | |b San Francisco Press | ||
| 260 | |c 1962 | ||
| 650 | |a Telegraph, wireless | ||
| 904 | |i Minh | ||
| 980 | |a Trung tâm Học liệu Trường Đại học Cần Thơ | ||